[Event "4th TCh-SCG"]
[Site "Vrnjacka Banja SCG"]
[Date "2006.05.03"]
[Round "3"]
[White "Vajdic,N"]
[Black "Pavlovic,Nen"]
[Result "0-1"]
[WhiteElo "2265"]
[BlackElo "2088"]

1.d4 Nf6 2.Bg5 d5 3.Bxf6 exf6 4.e3 Bd6 5.c4 dxc4 6.Bxc4 O-O 7.Nc3 Nd7 8.Nf3 f5
9.Qc2 c6 10.Bd3 g6 11.h4 Nf6 12.h5 Be6 13.hxg6 fxg6 14.Ng5 Bd5 15.O-O-O Ng4
16.Nf3 Qa5 17.Nxd5 cxd5 18.Kb1 Rac8 19.Qe2 Rce8 20.g3 Re7 21.Nh4 Nf6 22.Bc2 Ne4
23.Rhg1 Kh8 24.Nf3 b5 25.Nd2 b4 26.Nb3 Qb6 27.Rd3 a5 28.Rgd1 a4 29.Nc5 b3
30.axb3 Bxc5 31.dxc5 Nxc5 32.bxa4 Rb7 33.b3 Nxa4 34.Qd2 Rc8 35.Rxd5 Nc3+
36.Kb2 Nxd1+ 37.Qxd1 Qb4 38.Qd4+ Kg8 39.Rd6 Rxc2+ 40.Kxc2 Qxb3+  0-1

[Event "Open B"]
[Site "Djakovo CRO"]
[Date "2006.05.04"]
[Round "7"]
[White "Draganic,S"]
[Black "Trtanj,T"]
[Result "1-0"]
[WhiteElo "2244"]
[BlackElo "2164"]

1.d4 d5 2.Bg5 Nf6 3.Bxf6 gxf6 4.e3 c6 5.c3 Bf5 6.Nd2 Nd7 7.h4 Rg8 8.g3 Qc7
9.Bh3 Bg6 10.Ne2 Bh5 11.Qc2 Bxe2 12.Kxe2 Rg7 13.Rae1 e6 14.Kd1 Qa5 15.b4 Qc7
16.Nb3 f5 17.Bg2 Nf6 18.Bf3 Bd6 19.Kc1 b6 20.Kb2 Rg8 21.a3 a5 22.bxa5 bxa5
23.c4 a4 24.Nd2 Qe7 25.c5 Bc7 26.Ka2 Ba5 27.Rb1 Qc7 28.Rb2 Kd7 29.Rhb1 Rab8
30.Nf1 Rxb2+ 31.Rxb2 Rb8 32.Qxa4 Rxb2+ 33.Kxb2 Qb7+ 34.Kc2 Be1 35.Kd1 Qb1+
36.Ke2 Bc3 37.Nd2 Qb2 38.Qd1 Qxa3 39.Kf1 Bxd2 40.Qxd2 Qa6+ 41.Kg2 Ne4 42.Qb2 Kc7
43.g4 fxg4 44.Bxe4 dxe4 45.Kg3 h5 46.Kf4 f5 47.Kg5 Qc8 48.Qb6+ Kd7 49.Qa7+ Qc7
50.Qxc7+ Kxc7 51.Kxh5 Kd7 52.Kg5 Ke7 53.h5 Kf7 54.d5 exd5 55.Kxf5 g3 56.fxg3 Kg7
57.g4 Kh6 58.Kf4  1-0

[Event "Open B"]
[Site "Djakovo CRO"]
[Date "2006.05.05"]
[Round "8"]
[White "Draganic,S"]
[Black "Karahmetovic,A"]
[Result "1/2-1/2"]
[WhiteElo "2244"]
[BlackElo "2271"]

1.d4 Nf6 2.Bg5 c5 3.Bxf6 gxf6 4.c3 d5 5.e3 Nc6 6.Nf3 e6 7.Nbd2 Bd6 8.g3 Bd7
9.Bg2 cxd4 10.exd4 O-O 11.Nh4 f5 12.f4 Bxf4 13.Qh5 Qg5 14.Qxg5+ Bxg5 15.Nhf3 Bf6
16.O-O Kh8 17.Rae1 Rab8 18.Ne5 Nxe5 19.dxe5 Be7 20.Nb3 b5 21.a3 Kg7 22.Bf3 Rbc8
23.Be2 f6 24.exf6+ Bxf6 25.g4 Bh4 26.Rd1 fxg4 27.Bxg4 Rxf1+ 28.Rxf1 Bf6 29.Re1 Kf7
30.Bh5+ Ke7 31.Bf3 Kd6 32.Rd1 Rf8 33.Kf2 Be8 34.Kg2 Bg6 35.Nd4 Bxd4 36.cxd4 Rc8
37.Rd2 Rc2 38.Rxc2 Bxc2 39.Kf2 e5 40.Ke3 e4 41.Bh5 Ke6 42.b4 Kf5 43.h4 Bb3
44.Be2 Bc4 45.Bh5 Bf1 46.Bf7 Bc4 47.Bh5  1/2-1/2

[Event "ch-UKR sf"]
[Site "Alushta UKR"]
[Date "2006.05.19"]
[Round "7"]
[White "Shkola,V"]
[Black "Stolpovsky,S"]
[Result "1-0"]
[WhiteElo "2155"]
[BlackElo "2105"]

1.d4 Nf6 2.Bg5 g6 3.Bxf6 exf6 4.e3 Bg7 5.Nd2 O-O 6.g3 d5 7.Bg2 c6 8.Ne2 Na6
9.O-O Bf5 10.c4 dxc4 11.Nxc4 Be6 12.Qc2 Nb4 13.Qc3 Nd5 14.Qc1 f5 15.Nd2 Qe7
16.Nb1 Rfe8 17.Nbc3 Nf6 18.Nf4 Bc4 19.Re1 Bh6 20.b3 Ba6 21.d5 g5 22.Nfe2 cxd5
23.Nxd5 Nxd5 24.Bxd5 Bg7 25.Nd4 Qd7 26.Bg2 Bxd4 27.Qd2 Rad8 28.exd4 h6 29.d5 Qd6
30.Rxe8+ Rxe8 31.Re1 Rd8 32.Qe3 Qa3 33.h4 f4 34.gxf4 g4 35.f5 Qb4 36.f6 Bb5
37.Rd1 Qf8 38.Qxa7 Be2 39.Rd2 Bf3 40.Qd4 Rxd5 41.Qe3 Bxg2 42.Kxg2 Rf5 43.Qe7  1-0

[Event "3rd All-China Games"]
[Site "Suzhou CHN"]
[Date "2006.05.21"]
[Round "4"]
[White "Xie Jianjun"]
[Black "Zhang Jilin"]
[Result "1-0"]
[WhiteElo "2432"]
[BlackElo "2294"]

1.d4 Nf6 2.Bg5 d5 3.Nd2 Nbd7 4.Ngf3 g6 5.c4 Bg7 6.cxd5 Nxd5 7.e4 N5b6 8.Qc2 O-O
9.Be2 c6 10.h3 Qe8 11.Be3 e5 12.dxe5 Qe6 13.O-O Nxe5 14.Nd4 Qe7 15.a4 c5
16.Nb5 Nbd7 17.Nc7 Rb8 18.Nd5 Qh4 19.Bf4 b6 20.Bg3 Qd8 21.Rad1 Bb7 22.Nc4 Bxd5
23.Rxd5 Qc7 24.Ne3 Rbd8 25.Rfd1 Nb8 26.Bb5 Rxd5 27.Nxd5 Qb7 28.Bh4 Nec6 29.Bf6 Nd4
30.Qc3 a6 31.Rxd4 cxd4 32.Qxd4 axb5 33.Bxg7 Rc8 34.Bh6 f5 35.Nf6+ Kf7 36.Nxh7 Nd7
37.Qg7+ Ke6  1-0

[Event "3rd All-China Games"]
[Site "Suzhou CHN"]
[Date "2006.05.21"]
[Round "4"]
[White "Lin Weiguo"]
[Black "Wang Pin"]
[Result "1/2-1/2"]
[WhiteElo "2448"]
[BlackElo "2393"]

1.d4 Nf6 2.Bg5 d5 3.Bxf6 exf6 4.e3 Bd6 5.c4 dxc4 6.Bxc4 O-O 7.Nf3 Nd7 8.O-O f5
9.Nc3 c6 10.Rc1 Qe7 11.a3 Nf6 12.Re1 Ne4 13.Qc2 Bd7 14.Bd3 Rfe8 15.g3 Rad8
16.Nd2 Nxd2 17.Qxd2 Qf6 18.Qc2 h5 19.Bf1 h4 20.Bg2 Be6 21.Rcd1 Bb8 22.d5 cxd5
23.Nxd5 Bxd5 24.Bxd5 Be5 25.b4 b6 26.Rd3 g6 27.Red1 Kg7 28.Qa4 Bb8 29.Kg2 Re7
30.Bf3 Rxd3 31.Rxd3 Bc7 32.Rd4 hxg3 33.hxg3 a5 34.Rd1 axb4 35.axb4 Qb2 36.Rh1 Qe5
37.Qc6 Qd6 38.Qc4 Qf6 39.Qa6 Qd6 40.b5 Rd7 41.Rc1 Qe5 42.Qc8 Re7 43.Bc6 Qd6
44.Bf3 Qd8 45.Qa6 Qd6 46.Rd1 Qe5 47.Qa4 Re8 48.Rd5 Qe7 49.Qd4+ Qf6 50.Rd7 Qxd4
51.exd4 Bd8 52.Bc6 Bf6 53.Bd5 Re7  1/2-1/2

[Event "3rd All-China Games"]
[Site "Suzhou CHN"]
[Date "2006.05.22"]
[Round "5"]
[White "Liang Chong"]
[Black "Wang Zili"]
[Result "1/2-1/2"]
[WhiteElo "2514"]
[BlackElo "2501"]

1.d4 Nf6 2.Bg5 c5 3.Bxf6 gxf6 4.d5 Qb6 5.Qc1 f5 6.c3 d6 7.e3 Nd7 8.a4 Bg7
9.Na3 Nf6 10.Bb5+ Kf8 11.Qd2 a6 12.Bc4 Bd7 13.Qc2 Qa5 14.Ne2 Qxa4 15.Qb1 Qa5
16.Ng3 e6 17.O-O h5 18.Rd1 h4 19.dxe6 fxe6 20.Nxf5 exf5 21.Nb5 Qd8 22.Nxd6 Qe7
23.Nxf5 Bxf5 24.Qxf5 Rh5 25.Qf3 Re8 26.h3 Qe4 27.Qxe4 Rxe4 28.Be2 Rh6 29.Bf3 Re7
30.Rd8+ Ne8 31.Ra4 Be5 32.Rg4 b5 33.Bd5 Rg7 34.Re4 Re7 35.Rg4 Rg7 36.Re4  1/2-1/2

[Event "3rd All-China Games"]
[Site "Suzhou CHN"]
[Date "2006.05.22"]
[Round "6"]
[White "Xie Jianjun"]
[Black "Wang Pin"]
[Result "1-0"]
[WhiteElo "2432"]
[BlackElo "2393"]

1.d4 Nf6 2.Bg5 d5 3.Nd2 Nbd7 4.Ngf3 g6 5.c4 c6 6.cxd5 cxd5 7.e3 Bg7 8.Bd3 O-O
9.O-O Qe8 10.Qb3 e5 11.Bxf6 Bxf6 12.Qxd5 Nb6 13.Qd6 Nd7 14.Bb5 Be7 15.Bxd7 Bxd6
16.Bxe8 Rxe8 17.Nc4  1-0

[Event "I Magistral"]
[Site "Guarapari BRA"]
[Date "2006.05.25"]
[Round "4"]
[White "Stamenkovic,Dr"]
[Black "Diamant,A"]
[Result "1-0"]
[WhiteElo "2334"]
[BlackElo "2244"]

1.d4 Nf6 2.Bg5 c5 3.Bxf6 gxf6 4.d5 Qb6 5.Qc1 Bh6 6.e3 f5 7.g3 Na6 8.c4 Nc7
9.Nc3 Qf6 10.Qc2 d6 11.Nf3 O-O 12.Rd1 a6 13.a4 b6 14.Nh4 Bg5 15.Nf3 Bh6 16.Bd3 e6
17.O-O Bb7 18.e4 Bg7 19.Nh4 Qh6 20.dxe6 fxe6 21.exf5 Bf6 22.Ng2 Bxc3 23.bxc3 Bf3
24.Rde1 Rae8 25.Nh4 Bc6 26.fxe6 Rxe6 27.Rxe6 Nxe6 28.Be4 Bxe4 29.Qxe4 Ng5
30.Qd5+ Kh8 31.f4 Qf6 32.Qxg5  1-0

[Event "37th Olympiad w"]
[Site "Turin ITA"]
[Date "2006.05.27"]
[Round "6"]
[White "Puuska,H"]
[Black "Burijovich,L"]
[Result "1/2-1/2"]
[WhiteElo "2030"]
[BlackElo "2204"]

1.d4 Nf6 2.Bg5 g6 3.Bxf6 exf6 4.e3 Bg7 5.g3 O-O 6.Bg2 f5 7.Ne2 Re8 8.O-O d6
9.c4 c6 10.Nbc3 Nd7 11.b4 Nb6 12.c5 Nc4 13.a4 d5 14.Nc1 a5 15.b5 g5 16.Nb3 f4
17.e4 dxe4 18.Bxe4 Rxe4 19.Nxe4 Bh3 20.Re1 Qd5 21.Qh5 f5 22.Nf6+ Bxf6 23.Qxh3 f3
24.Qh5 Kg7 25.bxc6 bxc6 26.Rab1 Na3 27.Nd2 Nxb1 28.Rxb1 Rd8 29.Nxf3 h6 30.Ne5 Bxe5
31.dxe5 Rd7 32.h4 Qe4 33.Rd1 Rxd1+ 34.Qxd1 gxh4 35.Qd7+ Kg6 36.Qe8+ Kg7 37.Qe7+ Kg8
38.Qe8+ Kg7 39.Qe7+  1/2-1/2

[Event "37th Olympiad w"]
[Site "Turin ITA"]
[Date "2006.05.29"]
[Round "8"]
[White "Juergens,V"]
[Black "Borosova,Z"]
[Result "1-0"]
[WhiteElo "2330"]
[BlackElo "2210"]

1.d4 Nf6 2.Bg5 c5 3.Bxf6 gxf6 4.d5 Qb6 5.Qc1 f5 6.e3 Bg7 7.c3 d6 8.Nd2 Nd7
9.g3 O-O 10.Qc2 Nf6 11.Bg2 Bd7 12.Ne2 e5 13.dxe6 fxe6 14.O-O Bc6 15.Nc4 Qc7
16.Bxc6 Qxc6 17.Rad1 Rad8 18.Nf4 d5 19.Na5 Qb6 20.Nxb7 Rc8 21.Qb3 Rc6 22.c4 Qc7
23.cxd5 Rb6 24.d6 Qf7 25.Qxe6 Qxe6 26.Nxe6 Rxb7 27.Nxf8 Bxf8 28.Rd2 Rd7 29.Rfd1 Kf7
30.f3 Ke6 31.Rd3 Rxd6 32.Kf2 Rd5 33.Ke2 Re5 34.Ra3 Nd5 35.Ra6+ Bd6 36.Kf2 h6
37.h3 h5 38.h4 Rxe3 39.Rxd5 Kxd5 40.Kxe3 Bxg3 41.Rxa7 Bxh4 42.Rh7 Bf6 43.Rxh5 Bxb2
44.Rxf5+ Kc4 45.Kd2 Bd4 46.Kc2 Be3 47.Re5 Bh6 48.Re4+ Kd5 49.Kd3 Bg7 50.a4 Kc6
51.Kc4 Kb6 52.f4  1-0

[Event "28th Nezhmetdinov mem"]
[Site "Kazan RUS"]
[Date "2006.06.02"]
[Round "2"]
[White "Glidzhain,G"]
[Black "Askarov,M"]
[Result "1/2-1/2"]
[WhiteElo "2148"]
[BlackElo "2438"]

1.d4 Nf6 2.Bg5 d5 3.Bxf6 gxf6 4.c4 e5 5.Nc3 dxc4 6.d5 c6 7.e4 f5 8.Bxc4 b5
9.Bb3 b4 10.Nce2 fxe4 11.Ng3 e3 12.fxe3 Bb7 13.Qh5 Qf6 14.Ne4 Qg7 15.d6 Nd7
16.Ng5 O-O-O 17.O-O-O c5 18.Nxf7 Bxg2 19.Nxd8 Kxd8 20.Bd5 Bxh1 21.Bxh1 Qg6
22.Qf3 e4 23.Qg3 Bh6 24.Qh4+ Bg5 25.Qxe4 Qxe4 26.Bxe4 Nf6 27.Bc6 Bxe3+ 28.Kc2 Rg8
29.Nf3 Bf4 30.Kb3 Rg6 31.Kc4  1/2-1/2

[Event "37th Olympiad w"]
[Site "Turin ITA"]
[Date "2006.06.02"]
[Round "11"]
[White "Gansvind,V"]
[Black "Estrada Gaspar,N"]
[Result "1-0"]
[WhiteElo "2267"]
[BlackElo "2029"]

1.d4 Nf6 2.Bg5 c5 3.Nc3 Qb6 4.d5 Qxb2 5.Bd2 Qb6 6.e4 e6 7.Nf3 d6 8.Rb1 Qd8
9.Bb5+ Nbd7 10.dxe6 fxe6 11.e5 dxe5 12.Nxe5 Bd6 13.Bf4 Bxe5 14.Bxe5 O-O 15.Bd6 Re8
16.O-O a6 17.Be2 Qa5 18.Qe1 b5 19.Bf3 Ra7 20.Qe3 b4 21.Ne4 Nxe4 22.Bxe4 Bb7
23.Bxb7 Rxb7 24.Qe4 Qb6 25.Rbd1 Nf6 26.Qe5 Nd7 27.Qh5 Rc8 28.Rfe1 Nf8 29.Qe5 Rf7
30.Qe3 a5 31.Rd2 Rc6 32.Red1 Rd7 33.Qe5 Qa7 34.h4 c4 35.h5 Rf7 36.Rd4 Rf5
37.Qg3 Rc8 38.h6 Ng6 39.Rg4 Rf7 40.Re1 Qd7 41.Be5 Qd2 42.Rf1 Qxh6 43.Bd4 Rf4
44.Be3 Rcf8 45.Bxf4 Rxf4 46.Rxf4 Qxf4 47.Qxf4 Nxf4 48.Re1 Kf7 49.Re4 c3 50.Rxf4+  1-0

[Event "37th Olympiad w"]
[Site "Turin ITA"]
[Date "2006.06.04"]
[Round "13"]
[White "Hoang Thanh Trang"]
[Black "Dembo,Y"]
[Result "1-0"]
[WhiteElo "2487"]
[BlackElo "2464"]

1.d4 Nf6 2.Bg5 d5 3.e3 c5 4.Bxf6 gxf6 5.dxc5 e6 6.Nc3 Bxc5 7.Qh5 f5 8.O-O-O Qf6
9.Nge2 Bb4 10.f3 Nc6 11.e4 dxe4 12.fxe4 Bd7 13.a3 Be7 14.exf5 O-O-O 15.g3 Ne5
16.Bh3 Nc4 17.fxe6 fxe6 18.Kb1 Kb8 19.Rd4 Qg6 20.Nf4 Qxh5 21.Nxh5 Bc6 22.Rxd8+ Bxd8
23.Re1 e5 24.Ka2 Ba5 25.Be6 Bxc3 26.bxc3 Nb6 27.Rxe5 Re8 28.Nf4 Nc4 29.Rh5 Ne3
30.Rxh7 Rd8 31.Bb3 Nd1 32.c4 a5 33.c5 a4 34.Bc4 Be4 35.Re7 Rd2 36.Ka1 Rxc2
37.Rxe4 Rc1+ 38.Ka2  1-0

[Event "37th Olympiad w"]
[Site "Turin ITA"]
[Date "2006.06.04"]
[Round "13"]
[White "Agababean,N"]
[Black "Daulyte,D"]
[Result "1-0"]
[WhiteElo "2200"]
[BlackElo "2230"]

1.d4 Nf6 2.Bg5 g6 3.Bxf6 exf6 4.e3 Bg7 5.g3 O-O 6.Bg2 d5 7.Ne2 c6 8.O-O Nd7
9.Nd2 f5 10.c4 dxc4 11.Nxc4 Nf6 12.b4 Be6 13.Na5 Qb6 14.a3 Bd5 15.Rc1 Rad8
16.Qc2 Qc7 17.Nf4 Bxg2 18.Kxg2 Rfe8 19.Rfd1 Qe7 20.Kg1 Ne4 21.h4 h6 22.Kg2 g5
23.hxg5 hxg5 24.Nd3 f4 25.exf4 gxf4 26.Nxf4 Bxd4 27.Re1 Bg7 28.Re2 Bh6 29.Rce1 f5
30.Qc4+ Qf7 31.Qxf7+ Kxf7 32.Nxb7 Rb8 33.Rxe4 fxe4 34.Nd6+ Kf8 35.Nxe8 Rxe8
36.Rc1 Bxf4 37.gxf4 Re6 38.Rc3 Ke7 39.Kf1 Kd6 40.Ke2 a5 41.Ke3 axb4 42.axb4 Re8
43.Rc4 Ra8 44.Kxe4 Ra2 45.f3 Re2+ 46.Kf5 Rf2 47.Kf6 Kd5 48.Rc3 Rb2 49.Rc5+ Kd6
50.Rc4 Kd5 51.Re4 Rb3 52.f5 Rxf3 53.Re5+ Kd6 54.b5 c5 55.Re6+ Kd5 56.b6 c4
57.Re5+ Kc6 58.Re6+ Kd5 59.b7 Rb3 60.Re7 Kd6 61.Rh7 Rb1 62.Kg6 Rg1+ 63.Kf7 Kc7
64.Ke6+ Kb8 65.f6 Re1+ 66.Kd6 Rd1+ 67.Kc6 Rd8 68.Rc7  1-0

[Event "2nd Open"]
[Site "San Marino SMR"]
[Date "2006.06.06"]
[Round "2"]
[White "Torre,E"]
[Black "Brandenburg,D"]
[Result "1-0"]
[WhiteElo "2543"]
[BlackElo "2376"]

1.d4 Nf6 2.Bg5 g6 3.Bxf6 exf6 4.e3 Bg7 5.c4 O-O 6.Nc3 b6 7.Be2 Bb7 8.Bf3 Qc8
9.Nh3 d6 10.Nf4 Re8 11.O-O f5 12.b4 c6 13.a4 Bh6 14.b5 Bxf4 15.exf4 c5 16.dxc5 dxc5
17.Bxb7 Qxb7 18.Qd5 Re7 19.Qd8+ Kg7 20.Nd5 Re4 21.Qc7  1-0

[Event "FSGM June"]
[Site "Budapest HUN"]
[Date "2006.06.07"]
[Round "4"]
[White "Kosic,D"]
[Black "Paschall,W"]
[Result "1/2-1/2"]
[WhiteElo "2482"]
[BlackElo "2352"]

1.d4 Nf6 2.Bg5 d5 3.e3 c5 4.Nc3 cxd4 5.exd4 Nc6 6.Bxf6 gxf6 7.Nge2 e6 8.a3 f5
9.Qd3 Bd7 10.g3 Rc8 11.Bg2 Bg7 12.O-O O-O 13.Rfd1 Kh8 14.Qe3 Qf6 15.Rd3 Rg8
16.Rad1 Ne7 17.Nf4 Qh6 18.Qe2 Nc6 19.Na2 Na5 20.Rf3 Nc4 21.c3 Nd6 22.Nb4 Bb5
23.Nbd3 Bf6 24.Qe1 Bxd3 25.Nxd3 Ne4 26.Re3 Nd6 27.Ne5 Rc7 28.a4 Nc4 29.Nxc4 Rxc4
30.Ra1  1/2-1/2

[Event "VIII Open"]
[Site "Salou ESP"]
[Date "2006.06.07"]
[Round "1"]
[White "Marco Molina,R"]
[Black "Lopez Martinez,J"]
[Result "0-1"]
[WhiteElo "2017"]
[BlackElo "2481"]

1.d4 Nf6 2.Bg5 d5 3.e3 e6 4.Bd3 c5 5.c3 Nbd7 6.Nf3 Be7 7.Nbd2 b6 8.Qe2 Bb7
9.e4 cxd4 10.Nxd4 dxe4 11.Nxe4 O-O 12.O-O Nc5 13.Nxc5 Bxc5 14.Nf3 Be7 15.Rad1 Qc7
16.Ne5 Rad8 17.Ng4 Qc6 18.f4 Qc5+ 19.Kh1 Nxg4 20.Qxg4 Bxg5 21.fxg5 g6 22.h4 Rd5
23.Be2 Re5 24.Bf3 Ba6 25.Rfe1 Rxe1+ 26.Rxe1 Qf2 27.Rxe6 Bc8  0-1

[Event "2nd Open"]
[Site "San Marino SMR"]
[Date "2006.06.07"]
[Round "4"]
[White "Torre,E"]
[Black "Valdes,Le"]
[Result "1-0"]
[WhiteElo "2543"]
[BlackElo "2374"]

1.d4 Nf6 2.Bg5 c5 3.Nc3 cxd4 4.Qxd4 Nc6 5.Qh4 Qa5 6.O-O-O b5 7.Kb1 Rb8 8.e4 e6
9.Nf3 b4 10.Nd5 b3 11.cxb3 Nxd5 12.exd5 Nb4 13.a3 Nxd5 14.Bc4 Nf6 15.Qf4 d6
16.Nd4 e5 17.Rhe1 Be7 18.Bxf6 gxf6 19.Nc6 Qb6 20.Qf3 Bb7 21.Bd5 Bxc6 22.Bxc6+ Kf8
23.Bd5 Bd8 24.Rc1 Qd4 25.Rc4 Qd2 26.Rec1 Rg8 27.Ka2 a5 28.Be4 Qg5 29.Qd3 Be7
30.h4 Qh6 31.g3 Kg7 32.Rc7 Bd8 33.R7c6 Bb6 34.R1c2 Rgd8 35.Rxd6 Bd4 36.Rxd8 Rxd8
37.Qb5 Qh5 38.Qxa5 Rd7 39.Qb5 Qg4 40.f3 Qe6 41.g4 Ra7 42.Qb8 Qe7 43.a4 Bc5
44.Qc8 Bd4 45.Rc4 Rd7 46.Qa8 Rd8 47.Qa5 Qd6 48.Rc6 Qb8 49.Qc7 Ba7 50.Qxb8 Bxb8
51.a5 Rd2 52.b4 Ba7 53.Kb3 Bd4 54.Rc2 Rd1 55.b5 Ra1 56.Kb4 Kf8 57.b6 Ke7
58.b7 Ba7 59.Rc8 Ra2 60.b3  1-0

[Event "2nd Festival"]
[Site "Lodi ITA"]
[Date "2006.06.08"]
[Round "6"]
[White "Drazic,S"]
[Black "Ricardi,P"]
[Result "1/2-1/2"]
[WhiteElo "2497"]
[BlackElo "2515"]

1.d4 Nf6 2.Bg5 g6 3.Bxf6 exf6 4.e3 Bg7 5.g3 O-O 6.Ne2 Re8 7.Bg2 f5 8.O-O d6
9.c4 Nd7 10.Nbc3 c6 11.b4 Nb6 12.c5 Nc4 13.cxd6 Qxd6 14.Qd3 Ne5 15.Qd2 Ng4
16.b5 Bd7 17.a4 h5 18.h3 Nf6 19.h4 Rad8 20.Rfc1 Ng4 21.Nf4 c5 22.Nce2 Bc8
23.Rd1 a6 24.Rab1 cxd4 25.Nxd4 axb5 26.Rxb5 Qa3 27.Rb4 Bf8 28.Rc4 Ne5 29.Rc2 Nc6
30.Nd5 Bg7 31.Nxc6 bxc6 32.Rxc6 Qxa4 33.Qc1 Be6 34.Qc2 Qxc2  1/2-1/2

[Event "TCh-NOR Open"]
[Site "Oslo NOR"]
[Date "2006.06.08"]
[Round "2"]
[White "Urkedal,F"]
[Black "Guddahl,V"]
[Result "1-0"]
[WhiteElo "2070"]
[BlackElo "2178"]

1.d4 Nf6 2.Bg5 c5 3.Nc3 cxd4 4.Qxd4 Nc6 5.Qh4 e6 6.O-O-O Be7 7.e4 O-O 8.Nf3 h6
9.Bd2 Qc7 10.Qf4 Qxf4 11.Bxf4 Ng4 12.Bg3 Bc5 13.Rd2 Bb4 14.Bc4 f6 15.Bb5 f5
16.exf5 Rxf5 17.Bxc6 bxc6 18.Rd4 Bxc3 19.bxc3 Nf6 20.Bd6 Ne8 21.Bg3 c5 22.Rd2 d5
23.Re1 Nf6 24.Nh4 Rh5 25.Ng6 Ne4 26.Rd3 a5 27.Ne7+ Kf7 28.Nxc8 Rxc8 29.c4 Nxg3
30.hxg3 d4 31.c3 e5 32.f4 Re8 33.g4 Rh2 34.fxe5 Rxg2 35.cxd4 cxd4 36.Rxd4 Rxa2
37.Rd7+ Kg6 38.Kb1 Ra4 39.Re4 Rc8 40.Rdd4 Rf8 41.e6 Rf1+ 42.Kc2 Rf2+ 43.Kb3 Rb4+
44.Kc3 Rf3+ 45.Kd2 Rb2+ 46.Kc1 Rb8 47.Rd6 Re8 48.Ra6 Kf6 49.Kc2 a4 50.c5 a3
51.c6 Re7 52.Kd2 a2 53.c7 a1=Q 54.Rxa1 Rxc7 55.Ra8 Ke7 56.Rg8 Kd6 57.Re8 Rf6
58.e7 Rd7 59.Rd8  1-0

[Event "VIII Open"]
[Site "Salou ESP"]
[Date "2006.06.08"]
[Round "2"]
[White "Asis Gargatagli,H"]
[Black "Vila Cairo,G"]
[Result "1-0"]
[WhiteElo "2361"]
[BlackElo "1998"]

1.d4 Nf6 2.Bg5 g6 3.Bxf6 exf6 4.e3 Bg7 5.g3 O-O 6.Bg2 d5 7.Ne2 c6 8.Nd2 Nd7
9.O-O f5 10.c4 Nf6 11.Nf4 Be6 12.Qb3 Qd7 13.cxd5 Nxd5 14.Nxd5 cxd5 15.Rac1 Rfc8
16.Nb1 Rxc1 17.Rxc1 Rc8 18.Rxc8+ Qxc8 19.Nc3 f4 20.gxf4 Bh3 21.Qxd5 Bxg2
22.Kxg2 a6 23.a4 Bf8 24.h3 Bb4 25.Ne4  1-0

[Event "TCh-NOR Open"]
[Site "Oslo NOR"]
[Date "2006.06.09"]
[Round "3"]
[White "Urkedal,F"]
[Black "Kirkebo,C"]
[Result "1/2-1/2"]
[WhiteElo "2070"]
[BlackElo "2206"]

1.d4 Nf6 2.Bg5 d5 3.Bxf6 exf6 4.e3 c6 5.c4 Be6 6.cxd5 Bxd5 7.Nc3 Qa5 8.a3 f5
9.Nf3 g6 10.Be2 Bg7 11.b4 Qd8 12.O-O O-O 13.Nxd5 Qxd5 14.Qc2 Nd7 15.Rfd1 Nb6
16.Rac1 Rfe8 17.g3 Bf8 18.Nd2 a5 19.Nc4 Nxc4 20.Bxc4 Qd7 21.d5 axb4 22.dxc6 Qxc6
23.Qb3 Qf6 24.axb4 Red8 25.Bd5 Rd7 26.Rd4 Rad8 27.Rcd1 Kg7 28.Qc4 Qb6 29.Bxf7 Rxd4
30.exd4 Qxb4 31.Qxb4  1/2-1/2

[Event "Open A"]
[Site "Voronezh RUS"]
[Date "2006.06.12"]
[Round "1"]
[White "Chernyshov,K"]
[Black "Kachko,A"]
[Result "1-0"]
[WhiteElo "2544"]
[BlackElo "2291"]

1.d4 Nf6 2.Bg5 g6 3.Nc3 Bg7 4.e4 d6 5.Qd2 Nbd7 6.O-O-O c5 7.dxc5 Nxc5 8.f3 Bd7
9.Bh6 Bxh6 10.Qxh6 Qa5 11.Nge2 Ne6 12.h4 Rc8 13.Kb1 Qc5 14.Nc1 Nd4 15.Qd2 Nb5
16.Bxb5 Bxb5 17.Nb3 Qb6 18.g4 Bc6 19.h5 Rg8 20.hxg6 hxg6 21.Rh2 a5 22.a4 Nd7
23.f4 Nc5 24.Nxc5 Qxc5 25.Qe1 g5 26.e5 dxe5 27.fxe5 Bf3 28.Rd3 Bxg4 29.Ne4 Qb4
30.c3 Qxa4 31.Nd6+ exd6 32.exd6+ Be6 33.d7+ Ke7 34.dxc8=N+ Rxc8 35.Qe5 Qa2+
36.Kc2 Qa4+ 37.Kd2 Qf4+ 38.Qxf4 gxf4 39.Rf2 Rd8 40.Rxd8 Kxd8 41.Rxf4 Kc7
42.Rh4 Kc6 43.b4 axb4 44.cxb4 Kd6 45.Rh5 b6 46.Kc3 Kc6 47.Kd4 b5 48.Rc5+ Kb6
49.Ke5 Bb3 50.Kd6 Bc4 51.Rc8 Kb7 52.Re8 Be6 53.Kc5 Kc7 54.Re7+ Kd8 55.Kd6 Kc8
56.Rc7+ Kb8 57.Kc6 Bd5+ 58.Kb6 Bc4 59.Rd7 Kc8 60.Kc6 Be6 61.Ra7 Kb8 62.Re7 Bc4
63.Re8+ Ka7 64.Kc7 Bb3 65.Re3 Bc2 66.Ra3+ Ba4 67.Rf3 Bc2 68.Rxf7 Bb3 69.Rf5  1-0

[Event "Masters"]
[Site "Las Vegas USA"]
[Date "2006.06.13"]
[Round "8"]
[White "Fontaine,R"]
[Black "Roussel Roozmon,T"]
[Result "1/2-1/2"]
[WhiteElo "2521"]
[BlackElo "2419"]

1.d4 Nf6 2.Bg5 c5 3.d5 Ne4 4.Bf4 Qb6 5.Nd2 Nxd2 6.Bxd2 Qxb2 7.e4 Qe5 8.Bd3 c4
9.f4 Qc7 10.Be2 e6 11.Bc3 Qxf4 12.Qd4 Na6 13.dxe6 dxe6 14.Rd1 Qc7 15.Bxc4 f6
16.Bb5+  1/2-1/2

[Event "Open A"]
[Site "Balatonlelle HUN"]
[Date "2006.06.17"]
[Round "1"]
[White "Gross,Mark"]
[Black "Vyskocil,N"]
[Result "1/2-1/2"]
[WhiteElo "2106"]
[BlackElo "2307"]

1.d4 Nf6 2.Bg5 g6 3.Bxf6 exf6 4.e3 Bg7 5.g3 O-O 6.Bg2 d6 7.Ne2 f5 8.O-O Nd7
9.c4 Nf6 10.Nbc3 Re8 11.Qc2 c6 12.Rfd1 Qe7 13.b4 Ne4 14.Nxe4 fxe4 15.Nc3 Bg4
16.Rd2 f5 17.Rb1 Rac8 18.Qb3 g5 19.b5 Bh5 20.bxc6 bxc6 21.Bh3 Rf8 22.Rdb2 Rc7
23.Qc2 Bg6 24.Rb8 h5 25.a4 Kh7 26.Rxf8 Bxf8 27.Qb3 Bg7 28.Ne2 Qe6  1/2-1/2

[Event "20th Open"]
[Site "Pula CRO"]
[Date "2006.06.19"]
[Round "2"]
[White "Vasic,B"]
[Black "Jovanic,O"]
[Result "0-1"]
[WhiteElo "2209"]
[BlackElo "2473"]

1.d4 Nf6 2.Bg5 c5 3.Bxf6 gxf6 4.d5 Qb6 5.Qc1 f5 6.c4 Qb4+ 7.Nd2 Bg7 8.Rb1 d6
9.e3 Nd7 10.Nf3 Nf6 11.Bd3 e6 12.O-O O-O 13.e4 fxe4 14.Nxe4 Nxe4 15.Bxe4 e5
16.Bd3 Qa4 17.a3 Qe8 18.h3 e4 19.Re1 f5 20.Nh2 Qg6 21.Bc2 a5 22.Kh1 Bd7 23.Qd2 Bd4
24.f3 e3 25.Qe2 Qh6 26.Rf1 f4 27.Bd3 a4 28.Rfc1 Kh8 29.Qc2 Qg5 30.Bxh7 Rf7
31.Bd3 Rg8 32.Qe2 Qh4 33.Be4 Rfg7 34.Ng4 Bxg4 35.fxg4 Rxg4 36.b3 axb3 37.Rxb3 R4g7
38.Rcb1 Re8 39.Bf3 Qf2 40.Rxb7 Rxg2 41.Qxf2 Rxf2 42.Bh5 Rg8 43.Re7 Be5 44.Bg4 f3
45.Bf5 Rh2+  0-1

[Event "20th Open"]
[Site "Pula CRO"]
[Date "2006.06.19"]
[Round "2"]
[White "Bhat,V"]
[Black "Weinwurm,W"]
[Result "1-0"]
[WhiteElo "2409"]
[BlackElo "2197"]

1.d4 Nf6 2.Bg5 c5 3.Bxf6 gxf6 4.d5 Qb6 5.Qc1 f5 6.c4 Bg7 7.Nc3 d6 8.e3 Nd7
9.Qc2 Ne5 10.h3 Bd7 11.f4 Ng6 12.Nf3 O-O-O 13.Bd3 e6 14.Rb1 Kb8 15.O-O Rde8
16.Kh2 Bf6 17.g3 Qa5 18.Rfe1 Re7 19.e4 Bxc3 20.bxc3 fxe4 21.Bxe4 e5 22.f5 Nf8
23.f6 Re8 24.Ng5 Ba4 25.Qb2 Qc7 26.Qa3 Bd7 27.Nxf7  1-0

[Event "Open A"]
[Site "Voronezh RUS"]
[Date "2006.06.19"]
[Round "7"]
[White "Elfert,A"]
[Black "Ter Karapetian,Al"]
[Result "1/2-1/2"]
[WhiteElo "2104"]
[BlackElo "2155"]

1.d4 Nf6 2.Bg5 d5 3.Bxf6 exf6 4.e3 Bb4+ 5.c3 Be7 6.Bd3 c6 7.Nd2 b6 8.h4 h5
9.Nh3 f5 10.g3 g6 11.Nf3 Nd7 12.Qe2 Bb7 13.Nf4 Bd6 14.O-O-O Qe7 15.Kb1 Nf6
16.Ka1 O-O-O 17.Rc1 Kb8 18.Rhe1 Rhe8 19.Qc2 Ne4 20.Nh3 Rc8 21.Nh2 Qc7 22.Rg1 Re7
23.Nf1 Rce8 24.Rg2 Rc8 25.Ng1 c5 26.Qe2 cxd4 27.exd4 Nxg3 28.fxg3 Rxe2 29.Nxe2 Re8
30.Rf2 a6 31.b4 Ka7 32.Kb2 Qe7 33.a3 Qc7 34.Kb3 Bc8 35.c4 dxc4+ 36.Bxc4 Qb7
37.Nc3 b5 38.Bd5 Be6 39.Bxe6 Rxe6 40.d5 Re5 41.Rd2 Re7 42.Rd3 Qb6 43.Rcd1 f6
44.Nd2 Re3 45.Nf3 Rxd3 46.Rxd3 Bxg3 47.Nd4 Bd6 48.Nc6+ Kb7 49.a4 bxa4+ 50.Nxa4 Qb5
51.Rd4 Kc7 52.Nc3 Qf1 53.Rd1 Qh3 54.Kc4 Qxh4+ 55.Nd4 Qf2 56.b5 a5  1/2-1/2

[Event "Open A"]
[Site "Balatonlelle HUN"]
[Date "2006.06.21"]
[Round "5"]
[White "Gross,Mark"]
[Black "Pesztericz,L"]
[Result "1/2-1/2"]
[WhiteElo "2106"]
[BlackElo "2199"]

1.d4 Nf6 2.Bg5 g6 3.Bxf6 exf6 4.e3 Bg7 5.g3 d5 6.Bg2 c6 7.Nd2 O-O 8.Ne2 Nd7
9.O-O f5 10.c4 Nf6 11.Nf4 dxc4 12.Nxc4 Ne4 13.Qc2 Re8 14.Rad1 Bd7 15.a3 Qc7
16.Nd2 Nxd2 17.Rxd2  1/2-1/2

[Event "White Nights Open"]
[Site "St Petersburg RUS"]
[Date "2006.06.23"]
[Round "1"]
[White "Eliseev,Alexe"]
[Black "Skrenev,S"]
[Result "1-0"]
[WhiteElo "2425"]
[BlackElo "2104"]

1.d4 d5 2.Bg5 Nf6 3.Nd2 Bf5 4.Bxf6 exf6 5.e3 c6 6.c4 dxc4 7.Bxc4 Bd6 8.Ne2 O-O
9.Ng3 Bg6 10.Qb3 b5 11.Be2 f5 12.f4 Nd7 13.Nf3 Qa5+ 14.Kf2 Rfe8 15.Rhd1 Nf6
16.Ne5 c5 17.Qxb5 Qxb5 18.Bxb5 Reb8 19.Be2 cxd4 20.exd4 a5 21.Rd2 h5 22.h4 Rb4
23.Rc1 Rd8 24.a3 Rb3 25.Rc3 Rxc3 26.bxc3 Nd5 27.Bc4 Nxf4 28.Nxg6 Nxg6 29.Nxf5 Bxa3
30.Ra2 Ne7 31.Nxg7 Bb4 32.cxb4 axb4 33.Nxh5 Rxd4 34.Ra8+ Kh7 35.Bxf7 Rxh4
36.Ra7 Nc6 37.Rb7 Ne5 38.Be8+ Kh6 39.g3 Rc4 40.Nf4 Rc2+ 41.Ne2 Ng4+ 42.Ke1 Rb2
43.Bc6 Ne5 44.Be4 Kg5 45.Rb5 Kf6 46.Nf4 Nc4 47.Nd3 Rb1+ 48.Ke2 b3 49.Bd5 Rg1
50.Kf2  1-0